| 000 | 00461ntaaa2200181 4500 | ||
|---|---|---|---|
| 003 | 01 | ||
| 005 | 20251027202956.0 | ||
| 008 | 0714s1973 ag 01 | ||
| 040 |
_aAR-BaBN _bspa _cAR-BaBN _eaacr _dRIC |
||
| 082 | _a982.0000 C12 | ||
| 100 |
_aCalderaro, José D _925865 |
||
| 245 | _aPresidentes Argentinos | ||
| 250 | _a1 ed. | ||
| 260 |
_aBuenos Aires : _bEdiciones Argentinas Brunetti, _c1948 |
||
| 300 | _a191 p | ||
| 650 | _aArgentina-historia | ||
| 942 | _cBK | ||
| 999 |
_c25133 _d25133 |
||